Supuestos prácticos de contabilidad local / Ángela Acín, Josep Abella
ISBN:
84-7028-204-2
Descripción Física:
2 v., 585, 76 p. ; 23 cm + 1 disquet
Otros Autores:
Abella, Josep
MARC
| LEADER | 00000nam a2200000Ia 4500 | ||
|---|---|---|---|
| 001 | 13820, 13821 | ||
| 003 | BGR | ||
| 005 | 20260324175318.0 | ||
| 008 | 160829s1992 xx 000 0 cat d | ||
| 020 | |a 84-7028-204-2 | ||
| 080 | |a M-4-37, M-4-38 | ||
| 100 | |a Acín Ferrer, Angela |9 1555 | ||
| 245 | |a Supuestos prácticos de contabilidad local / Ángela Acín, Josep Abella | ||
| 260 | |a Barcelona : |b Bayer, |c 1992 | ||
| 300 | |a 2 v., 585, 76 p. ; |c 23 cm + 1 disquet | ||
| 650 | |a Finances locals |x Comptabilitat |x Problemes, exercicis, etc. |9 26320 | ||
| 650 | |a Finances municipals |x Comptabilitat |x Problemes, exercicis, etc. |9 26321 | ||
| 700 | |a Abella, Josep |9 26322 | ||
| 901 | |a Arxiu | ||
| 942 | |n 1 |2 udc |c MON | ||
| 952 | |0 0 |1 0 |4 0 |6 M437_M438 |7 1 |9 43955 |a Arxiu |b Arxiu |d 2016-12-01 |l 0 |o M-4-37, M-4-38 |p 13820, 13821 |r 2016-12-01 00:00:00 |w 2016-12-01 |y ARXIU | ||
| 999 | |c 46535 |d 46535 | ||